000 00664nac a22002411i 4500
003 EG-ScBUE
005 20221221094940.0
008 221221t2007 gw a f 000 0 eng d
020 _a9783937718668
040 _aEG-ScBUE
_beng
_erda
_cEG-ScBUE
_dEG-ScBUE
082 0 4 _a728
_bSTO
_222
245 0 0 _aStone design.
264 1 _aCologne :
_bDaab,
_c[2007]
264 4 _cc2007
300 _a382 pages :
_bcolor illustrations ;
_c29 cm
336 _2rdacontent
_atext
_btxt
337 _2rdamedia
_aunmediated
_bn
338 _2rdacarrier
_avolume
_bnc
650 7 _aArchitecture
_vDesigning.
_2BUEsh
653 _bENGARC
655 _vReading book
942 _cBB
_2ddc
999 _c10022
_d10022